000
00248nam a2200097Ia 4500
008
240331s9999 xx 000 0 und d
082
_b
WIC
100
_a
Wickramasinghe, M
245
0
_a
From theory to action :
_b
women gender and development
942
_c
L
999
_c
1618
_d
1618